Latvian-Russian Relations in Daugavpils since 1991
| Titel: | Latvian-Russian Relations in Daugavpils since 1991 / Vladislav Volkov |
|---|---|
| Verfasser: | |
| In: |
Reconciliation in bloodlands, (2014), Seite 215-244 alle Artikel anzeigen |
| Veröffentlicht: | 2014 |
| Umfang: | 6 Graphiken |
| Format: | Aufsatz |
| Sprache: | Englisch |
X
alg: 40324004 001A $03025:19-05-17 001B $01999:19-05-17 $t22:46:30.000 001C $03025:19-05-17 $t11:20:47.000 001D $03025:19-05-17 001U $0utf8 001X $00 002@ $0Aou 002C $aText $btxt $2rdacontent 002D $aohne Hilfsmittel zu benutzen $bn $2rdamedia 002E $aBand $bnc $2rdacarrier 003@ $0403240042 007A $0403240042 $aHEB 010@ $aeng 010E $erda 011@ $a2014 021A $aLatvian-Russian Relations in Daugavpils since 1991 $hVladislav Volkov 028A $BVerfasser $#Volkov, Vladislav $4aut $71041636067 $8Volkovs, Vladislavs$Z1963- [Tp3] $9331216108 031A $h215-244 $j2014 034M $a6 Graphiken 037A $aLiteraturverzeichnis Seite 241-244 039B $aEnthalten in $8--Aau--. Reconciliation in bloodlands. - Frankfurt, M. : PL Acad. Research, 2014. - 352 S.. - graph. Darst.. - ISBN 978-3-631-64502-4 $x201400000000000785 $9336153325 044K $#Dünaburg $#Dwinsk $#Dvinsk $74397919-1 $8Daugavpils [Tg1] $9088509338 044K $RLettin $#Latvians $#Lettons $#Lette $74111273-8 $8Letten [Ts1] $9085328669 044K $RRussin $#Russians $#Russes $#Russen $#Russe $#Russkije $#Großrussen $74051034-7 $8Russen [Ts1] $9085142204 044K $RRelation $#Wechselbeziehung $#Beziehungen $74145198-3 $8Beziehung [Ts1] $9085577189 044K $RIdentität $REthnizität $RKulturelle Identität $REthnische Gruppe $#Ethnicity $#Ethnicité $#Gruppenidentität Ethnie $#Rassische Identität $#Gruppenidentität Rasse $#Rassisches Bewusstsein $#Rassenidentität $74153096-2 $8Ethnische Identität [Ts1] $9085641219 045R $aGeschichte 1991-2013 lok: 40324004 78 exp: 40324004 78 1 #EPN 201B/01 $019-05-17 $t11:19:16.000 201C/01 $019-05-17 201U/01 $0utf8 203@/01 $080688617X 208@/01 $a19-05-17 $be 209A/01 $a/ $f000 $x00 209A/01 $ab*p $x01 220C/01 $apgar 244Z/01 $#Lettland $#Lettland $#Latvija $#Latvijas Republika $#Lettische Republik $#Lettische SSR $#Latvijskaja SSR $74074187-4 $8--Tg1--Lettland $x01 $9085208876 247C/01 $82080>Marburg/Lahn, Herder-Institut, Forschungsbibliothek, Bibliographieportal $9336309341
| LEADER | 00000caa a2200000 c 4500 | ||
|---|---|---|---|
| 001 | 403240042 | ||
| 003 | DE-603 | ||
| 005 | 20170519224630.0 | ||
| 007 | tu | ||
| 008 | 170519s2014 xx |||| | u00||u|eng c | ||
| 035 | |a (DE-599)HEB403240042 | ||
| 040 | |a DE-603 |b ger |c DE-603 |d DE-603 |e rda | ||
| 041 | |a eng | ||
| 100 | 1 | |a Volkovs, Vladislavs |d 1963- |e Verfasser |4 aut |0 (DE-603)331216108 |0 (DE-588)1041636067 |2 gnd | |
| 245 | 0 | 0 | |a Latvian-Russian Relations in Daugavpils since 1991 |c Vladislav Volkov |
| 264 | 0 | |c 2014 | |
| 300 | |b 6 Graphiken | ||
| 336 | |a Text |b txt |2 rdacontent | ||
| 337 | |a ohne Hilfsmittel zu benutzen |b n |2 rdamedia | ||
| 338 | |a Band |b nc |2 rdacarrier | ||
| 500 | |a Literaturverzeichnis Seite 241-244 | ||
| 648 | 7 | |a Geschichte 1991-2013 |2 gnd | |
| 650 | 7 | |a Letten |0 (DE-588)4111273-8 |0 (DE-603)085328669 |2 gnd | |
| 650 | 7 | |a Russen |0 (DE-588)4051034-7 |0 (DE-603)085142204 |2 gnd | |
| 650 | 7 | |a Beziehung |0 (DE-588)4145198-3 |0 (DE-603)085577189 |2 gnd | |
| 650 | 7 | |a Ethnische Identität |0 (DE-588)4153096-2 |0 (DE-603)085641219 |2 gnd | |
| 651 | 7 | |a Daugavpils |0 (DE-588)4397919-1 |0 (DE-603)088509338 |2 gnd | |
| 773 | 0 | 8 | |i Enthalten in |t Reconciliation in bloodlands |d Frankfurt, M. : PL Acad. Research, 2014 |h 352 S., graph. Darst. |z 9783631645024 |z 3631645023 |g (2014), Seite 215-244 |w (DE-603)336153325 |
| 924 | 0 | |9 2080 |a (DE-603)80688617X |b DE-2080 |c HES |d d |g / | |


